Responses for Show #7945 - Friday, March 8, 2019

Contestants

[<< previous game]

Conor Murphy, a graduate student from Thorofare, New Jersey

Josh Stephens, a journalist from Los Angeles, California

Dana Wayne, an educator from North Hollywood, California (whose 3-day cash winnings total $64,002)

[next game >>]

Jeopardy! Round responses

ARE YOU SHAKESPEARIENCED?
A MEASURED RESPONSE
(Alex: Then, according to a list made last year...)
BILLBOARD'S GREATEST HOT 100 SINGLES
VERB "END"-INGS
(Alex: Those three letters will come at the end of each correct response.)
I YIELD TO...
THE SENATOR FROM ILLINOIS
    $200 1
Stratford-upon-Avon

Josh
    $200 18
a mile

Conor
    $200 15
"Every Breath You Take"

Conor
    $200 9
bartend

Dana
    $200 26
Oreos

Conor
    $200 6
Barack Obama

Conor
    $1,000 2
(Josh: Who is Brutus?)

Mark Antony

Josh
    $400 19
Louisiana

Dana
    $400 17
Rihanna

Triple Stumper
    $400 10
to blend

Triple Stumper
    $400 27
Chevrolet

Josh
    $400 7
Adlai

Conor
    $600 3
Henry VI, Part 3

Triple Stumper
    $600 20
tornadoes

Conor
    $600 23
"Hurts So Good"

Conor
    $600 11
extend

Dana
    $600 28
Hotel Transylvania

Dana
    $600 8
Paul Simon

Dana
    $800 4
cuckold

Josh
    $800 21
cup

Josh
    $800 24
"Uptown Funk!"

Conor
    $800 12
to transcend

Triple Stumper
    $800 29
air conditioning

Conor
    $800 14
(Dick) Durbin

Josh
    $1000 5
Anne Hathaway

Conor
    $1000 22
Olympiad

Josh
    $1000 25
"Eye Of The Tiger"

Josh
    $1000 13
portend

Conor
    $1000 30
a Mackintosh

Dana
    $1000 16
Everett Dirksen

Triple Stumper

Scores at the first commercial break (after clue 15):

Dana Josh Conor
$1,400 $800 $2,800

Scores at the end of the Jeopardy! Round:

Dana Josh Conor
$3,400 $4,000 $6,000

Double Jeopardy! Round responses

FBI AGENT NON-DISQUALIFIERS
THE HUMANITIES
GEOGRAPH"EE"
PLANT-ED EVIDENCE
SPANISH-LANGUAGE TV
SWAP THE VOWELS
(Alex: Two vowels switch places within a word.
    $400 17
jaywalking

Josh
    $400 1
a sonnet

Josh
    $400 6
the Pyrenees

Josh
    $400 11
sunflower

Josh
    $400 13
the fat man

Dana
    $400 22
dairy

Josh
    $800 18
(Conor: What are loans?)
(Dana: What are [*]? Late library--)
(Alex: [Overlapping] Yeah, we'll give you that.)
(Dana: [Overlapping] Book fees?)

late fees (or fines)

DanaConor
    $800 2
the silent film era

Dana
    $1,600 7
Galilee

Josh
    $800 12
a beet

Conor
    $800 27
news

Dana
    $800 23
(Alex: Fate.)

feta

Dana
    $1200 19
tattoos

Dana
    $1200 3
logic

Josh
    $1200 8
the Great Barrier Reef

Josh
    $1200 14
Venus flytrap

Triple Stumper
    $1200 28
Ugly Betty

Dana
    $1200 24
(Alex: From peso.)

Pose

Dana
    $1600 20
High Times

Josh
    $1600 4
Nevada

Conor
    $1600 9
needle

Dana
    $1600 15
mosaic

Dana
    $1600 29
wake up

Conor
    $1600 25
(Alex: For dome.)

a demo

Josh
    $2000 21
disbarment

Dana
    $2000 5
(Dana: What is Coppelia?)

Petrushka

Dana
Triple Stumper
    $2000 10
the Leeward Islands

Triple Stumper
    $1,800 16
papyrus

Dana
    $2000 30
Sábado Gigante

Triple Stumper
    $2000 26
(Alex: From gaol, G-A-O-L.)

goal

Dana

Scores at the end of the Double Jeopardy! Round:

Dana Josh Conor
$17,600 $13,200 $9,200

[wagering suggestions for these scores]

Final Jeopardy! Round responses

20th CENTURY NEWSMAKERS
(Alex: Man went missing seven years before.)
ConorWho is Jimmy Hoffa?
$400
JoshWho is Jack Kevorkian?
$10,001
DanaWho is ?
$8,801
Jimmy Hoffa

Final scores:

Dana Josh Conor
$8,799 $3,199 $9,600
2nd place: $2,000 3rd place: $1,000 New champion: $9,600

Game dynamics:

Coryat scores:

Dana Josh Conor
$17,800 $13,400 $9,200
19 R
(including 1 DD),
1 W
17 R
(including 1 DD),
1 W
(including 1 DD)
14 R,
1 W

Combined Coryat: $40,400

[game clues] [game scores] [suggest correction]

Game tape date: 2019-01-16
The J! Archive is created by fans, for fans. Scraping, republication, monetization, and malicious use prohibited; this site may use cookies and collect identifying information. See terms. The Jeopardy! game show and all elements thereof, including but not limited to copyright and trademark thereto, are the property of Jeopardy Productions, Inc. and are protected under law. This website is not affiliated with, sponsored by, or operated by Jeopardy Productions, Inc. Join the discussion at JBoard.tv.